<?xml version="1.0" encoding="UTF-8"?><record xmlns="http://www.loc.gov/MARC21/slim" xmlns:zs="http://docs.oasis-open.org/ns/search-ws/sruResponse">
  <leader>01315cz  a2200241n  4500</leader>
  <controlfield tag="001">n  50009048 </controlfield>
  <controlfield tag="003">DLC</controlfield>
  <controlfield tag="005">20180131053556.0</controlfield>
  <controlfield tag="008">800401n| azannaabn          |a aaa      </controlfield>
  <datafield ind1=" " ind2=" " tag="010">
    <subfield code="a">n  50009048 </subfield>
  </datafield>
  <datafield ind1=" " ind2=" " tag="035">
    <subfield code="a">(OCoLC)oca00044571</subfield>
  </datafield>
  <datafield ind1=" " ind2=" " tag="040">
    <subfield code="a">DLC</subfield>
    <subfield code="b">eng</subfield>
    <subfield code="c">DLC</subfield>
    <subfield code="e">rda</subfield>
    <subfield code="d">DLC</subfield>
    <subfield code="d">Uk</subfield>
    <subfield code="d">DLC</subfield>
    <subfield code="d">IEN</subfield>
    <subfield code="d">DLC</subfield>
  </datafield>
  <datafield ind1=" " ind2=" " tag="046">
    <subfield code="f">1860-09-13</subfield>
    <subfield code="g">1948-07-15</subfield>
    <subfield code="2">edtf</subfield>
  </datafield>
  <datafield ind1="1" ind2=" " tag="100">
    <subfield code="a">Pershing, John J.</subfield>
    <subfield code="q">(John Joseph),</subfield>
    <subfield code="d">1860-1948</subfield>
  </datafield>
  <datafield ind1=" " ind2=" " tag="370">
    <subfield code="a">Laclede (Mo.)</subfield>
    <subfield code="b">Washington (D.C.)</subfield>
  </datafield>
  <datafield ind1=" " ind2=" " tag="373">
    <subfield code="a">United States. Army</subfield>
    <subfield code="s">1886</subfield>
    <subfield code="t">1924</subfield>
  </datafield>
  <datafield ind1=" " ind2=" " tag="374">
    <subfield code="a">Generals</subfield>
    <subfield code="2">lcsh</subfield>
  </datafield>
  <datafield ind1=" " ind2=" " tag="378">
    <subfield code="q">John Joseph</subfield>
  </datafield>
  <datafield ind1="0" ind2=" " tag="400">
    <subfield code="a">Black Jack,</subfield>
    <subfield code="d">1860-1948</subfield>
  </datafield>
  <datafield ind1="1" ind2=" " tag="400">
    <subfield code="w">nnaa</subfield>
    <subfield code="a">Pershing, John Joseph,</subfield>
    <subfield code="d">1860-1948</subfield>
  </datafield>
  <datafield ind1=" " ind2=" " tag="670">
    <subfield code="a">Tomlinson, E. T. Scouting with General Pershing ... 1918</subfield>
  </datafield>
  <datafield ind1=" " ind2=" " tag="670">
    <subfield code="a">Data from Pancho Villa's Columbus raid [VR] 1983</subfield>
    <subfield code="b">(General John J. Pershing; John Pershing; Black Jack)</subfield>
  </datafield>
  <datafield ind1=" " ind2=" " tag="670">
    <subfield code="a">English Wikipedia website, viewed Aug. 3, 2012</subfield>
    <subfield code="b">(John Joseph "Black Jack" Pershing, GCB (Hon) (Sept. 13, 1860--July 15, 1948), was a general officer in the United States Army who led the American Expeditionary Forces in World War I; Nickname: Black Jack; Born: Sept. 13, 1860  Laclede, Missouri; Died: July 15, 1948 (aged 87), Washington, D.C.; Allegiance: United States of America; Service/branch: United States Army, Years of service: 1886-1924; rank: General of the Armies)</subfield>
  </datafield>
</record>
